000 00457nam a2200181Ia 4500
003 GCL
008 140319s9999 xx 000 0 eng d
040 _aGCL /
_cGCL
082 0 4 _a940.25
_bH C
100 1 _aHAZARD, PAUL
245 1 0 _aLA CRISE DE LA CONSCIENCE EUROPEENNE :1680-1715 /
_cHAZARD, PAUL
260 _a[S.N] :
_bFAYARD ،
_c1961
300 _a443
650 0 4 _aEUROPE
650 0 4 _aEUROPE - HISTORY
650 0 4 _aHISTORY
942 _2ddc
_cBK
999 _c25422
_d25422